000 00624nam a22001937a 4500
005 20260428112550.0
008 260428b |||||||| |||| 00| 0 eng d
020 _a978-0-321-61614-2
050 _aQM 55. M37 2011
100 _aMARIEB, ELAINE N.
245 _aHUMAN ANATOMY & PHYSIOLOGY LABORATORY MANUAL.
250 _a9TH
260 _aBOSTON,
_bBENJAMIN CUMMINGS,
_c2011
300 _aXX, 695 P , ILL
500 _aINCLUDES INDEX
650 _a1. HUMAN ANATOMY- LABORATORY MANUALS 2. PPHYSIOLOGY- LABORATORY MANUALS. 3. ANATOMY AND PHYSIOLOGY- EXPERIMENTS.
700 _aMITCHELL, SUSAN J.
942 _2lcc
_cBK
999 _c217058
_d217058